000 02439cam a22005174i 4500
003 PE-LiUPU
005 20250731173025.0
008 150623s1999 ag r 000 0 spa d
020 _a9505737467
035 _a(Sirsi) i9789505737468
040 _aPE-LiUPU
_bspa
_cPE-LiUPU
_erda
049 _aPRUA
082 0 4 _a228.077
_bV42
_221
100 1 _aVeloso, Mario,
_eautor.
245 1 0 _aApocalipsis y el fin del mundo :
_bfe para enfrentar la crisis final /
_cMario Veloso.
264 1 _aBuenos Aires :
_bACES,
_c1999.
300 _a228 páginas ;
_c20 centímetros
336 _atext
_2rdacontent
337 _aunmediated
_2rdamedia
338 _avolume
_2rdacarrier
505 0 _aEl comienzo de la revelación -- Identidad del remanente -- La misión del remanente -- Los peligros del remanente -- La segunda venida de Cristo -- Historia -- La guerra del dragón -- Escatología -- Fin del gran conflicto.
526 _aSEG42
526 _aSEG41
526 _aSEG40
526 _aSEG39
526 _aP94
526 _aP87
526 _aP86
526 _aP85
526 _aP77
526 _aP76
526 _aP35
630 0 4 _aBiblia.
_pN.T.
_pApocalipsis
_xComentarios.
942 _2ddc
_cBOOK
949 _a228.077 V42
_wDEWEY
_c1
_i47940
_d2016-10-4
_e2016-10-4
_lCCODEBUL1
_mBUL
_n11
_r0
_sY
_tBOOK
_u2015-6-24
_xTEOLOGIA
_PP35
_0COMPRA
_o.STAFF. Colección Teología
949 _a228.077 V42
_wDEWEY
_c2
_i47941
_d2016-7-4
_e2016-5-26
_lLOST-PAID
_mBUL
_n13
_r0
_sY
_tBOOK
_u2015-6-24
_xTEOLOGIA
_PP35
_0COMPRA
_o.STAFF. Colección Teología
949 _a228.077 V42
_wDEWEY
_c3
_i48506
_d2016-10-27
_e2016-10-25
_lCCODEBUL1
_mBUL
_n17
_r0
_sY
_tBOOK
_u2015-6-24
_xTEOLOGIA
_PP35
_0COMPRA
_o.STAFF. Colección Teología
994 _aC0
_bPEPRU
596 _a1 4
999 _a228.077 V42
_wDEWEY
_c24411
_i47940
_d24411
_e2019-6-18
_f2021-11-11
_g5
_lCCODEBUL1
_mBUL
_n19
_p15.00
_q18
_r0
_sY
_tBOOK
_u2015-6-24
_xTEOLOGIA
_PP35
_0COMPRA
_o.STAFF. Colección Teología
999 _a228.077 V42
_wDEWEY
_c2
_i47941
_d2016-7-4
_e2016-5-26
_lLOST
_mBUL
_n13
_r1
_sY
_tBOOK
_u2015-6-24
_xTEOLOGIA
_PP35
_0COMPRA
_o.STAFF. Colección General
999 _a228.077 V42
_wDEWEY
_c1
_i48506
_d2019-5-23
_e2019-5-19
_f2019-12-10
_g4
_lCCODECWL1
_mBWL
_n22
_p15.00
_q6
_r1
_sY
_tBOOK
_u2015-6-24
_xTEOLOGIA
_PP35
_0COMPRA
_o.STAFF. Colección Teología
980 _81
_gALBERTO SANCHEZ Responsable de Automatización